Frontières de l'Éthiopie - Statistiques

Statistiques générales
  • Ce quiz a été pris 153 fois
  • Le résultat moyen est 6 sur 6
Statistiques - réponses
Pays % Correct
Soudan
99%
Somalie
98%
Érythrée
97%
Soudan du Sud
97%
Djibouti
95%
Kenya
94%
Aucun quiz correspondant
Distribution des résultats
% des personnes avec chaque résultat
Percentile par nombre de réponses
Votre historique - résultats
Vous n’avez pas pris ce quiz